Produção da fáfia [Pfaffia glomerata (Spreng.) Pedersen] com cama-de-frango e fósforo incorporados ao solo (Registro n. 298956)
[ somente texto ]
| 000 -LÍDER | |
|---|---|
| fixed length control field | 05281nab a2200313 i 4500 |
| 003 - CÓDIGO MARC DA AGÊNCIA CATALOGADORA | |
| Campo de controle | BR-BrBNA |
| 005 - DATA E HORA DA ÚLTIMA ATUALIZAÇÃO | |
| Campo de controle | 20240327153111.0 |
| 008 - CAMPO DE TAMANHO FIXO | |
| fixed length control field | 240327b2012 bl.qr|pooa||| 00| 0 por | |
| 040 ## - FONTE DA CATALOGAÇÃO | |
| Agência catalogadora | BR-BrBNA |
| Idioma da catalogação | por |
| 072 ## - CATEGORIA AGRIS | |
| Código AGRIS | F04 |
| 100 ## - ENTRADA PRINCIPAL - NOME PESSOAL | |
| Nome pessoal | Vieira, M.C. |
| 100 ## - ENTRADA PRINCIPAL - NOME PESSOAL | |
| Nome pessoal | Rodrigues, W.B. |
| 100 ## - ENTRADA PRINCIPAL - NOME PESSOAL | |
| Nome pessoal | Zárate, N.A.H. |
| 100 ## - ENTRADA PRINCIPAL - NOME PESSOAL | |
| Nome pessoal | Ramos, D.D. |
| 100 ## - ENTRADA PRINCIPAL - NOME PESSOAL | |
| Nome pessoal | Luciano, A.T. |
| 100 ## - ENTRADA PRINCIPAL - NOME PESSOAL | |
| Nome pessoal | Gonçalves, W.V. |
| 100 ## - ENTRADA PRINCIPAL - NOME PESSOAL | |
| Nome pessoal | Carnevali, T.O. |
| 245 ## - TÍTULO PRINCIPAL | |
| Título principal | Produção da fáfia [Pfaffia glomerata (Spreng.) Pedersen] com cama-de-frango e fósforo incorporados ao solo |
| 500 ## - NOTA GERAL | |
| Nota geral | Publicação on-line; 18 ref.; 6 illus.; Summaries (En, Pt) |
| 942 ## - ADDED ENTRY ELEMENTS (KOHA) | |
| Koha item type | |
| 520 ## - NOTA DE RESUMO | |
| Nota de conteúdo | <br/><br/>RESUMO: <br/><br/>Objetivou-se com este trabalho avaliar o efeito da incorporação ao solo de cama-defrango e de fósforo <br/>sobre o crescimento e a produção da fáfia. Os tratamentos foram cinco doses<br/>de cama-de-frango semidecomposta (0, 5, 10, 15 e 20 t ha-1), com e sem o uso de fósforo (200 kg<br/>ha-1 de P2O5, na forma de superfosfato triplo), arranjados em esquema fatorial 5 x 2, no delineamento<br/>experimental blocos casualizados, com quatro repetições. As alturas das plantas variaram em<br/>função das doses da cama-de-frango, sendo maiores (138,50 cm) sob 20 t ha-1. As produções de<br/>massas frescas e secas de folhas, caules e raízes foram influenciadas significativamente pela<br/>interação cama-de-frango e fósforo. As maiores produções de massa fresca e seca de folhas<br/>(597 kg ha-1 e 100 kg ha-1, respectivamente) foram obtidas com a dose de 20 t ha-1 de cama-defrango, <br/>sem o uso de fósforo. Para caules, as maiores produções de massa fresca e seca (7.757<br/>kg ha-1 e 2.633 kg ha-1, respectivamente) foram obtidas com a dose de 20 t ha-1 de cama-defrango, <br/>com o uso de fósforo. As maiores produções de massa fresca e seca de raízes (9.065 kg<br/>ha-1 e 377 kg ha-1, respectivamente) foram obtidas com a dose de 20 t ha-1 de cama-de-frango,<br/>sem o uso de fósforo. Os teores médios de N, P e K das folhas foram de 8,60; 0,88 e 4,46 g kg-1,<br/>respectivamente. Os teores de Ca e Mg foram máximos (7,56 e 5,12 g kg-1, respectivamente)<br/>com o uso de 20 t ha-1 de cama-de-frango, independente do uso de P. Nas raízes os teores<br/>médios de N, P e Mg foram de 2,74; 0,27 e 0,96 g kg-1, respectivamente. O teor de K reduziu<br/>linearmente com as doses de cama-de-frango e o de Ca foi máximo com o uso de 20 t ha-1. Para<br/>se obter maiores produções de massas frescas e secas de folhas e raízes, as plantas de fáfia<br/>devem ser cultivadas com cama-de-frango (20 t ha-1) incorporada ao solo, sem necessidade de<br/>adição de fósforo.<br/><br/>Palavras-chave: Ginseng brasileiro, planta medicinal, resíduo orgânico |
| 520 ## - NOTA DE RESUMO | |
| Nota de conteúdo | <br/><br/>ABSTRACT: <br/><br/>Yield of fáfia [Pfaffia glomerata (Spreng.) Pedersen] with chicken manure,<br/>with or without the use of phosphorus incorporated to the soil. The aimed of this study was<br/>to evaluate the effect of of chicken manure and phosphorus incorporated to the soil on growth and<br/>yield of fáfia. Treatments were five doses of chicken manure (0, 5, 10, 15 and 20 t ha-1), with and<br/>without the use of phosphorus (200 kg ha-1 of P2O5, in triple superphosphate form), arranged in 5<br/>x 2 factorial scheme in randomized block design with four replications. Plant heights varied as a<br/>function of chicken manure doses, which the highest (138.50 cm) under 20 t ha-1. Yields of fresh<br/>and dried weight of leaves, stems and roots were influenced significantly by the interaction chicken<br/>manure x phosphorus. The highest yields of fresh and dried leaves (597 kg ha-1 and 100 kg ha-1,<br/>respectively) were obtained with the dose of 20 t ha-1 of chicken manure, without the use of<br/>phosphorus. For stems, the highest yields of fresh and dried weight (7.757 kg ha-1 and 2.633 kg<br/>ha-1, respectively) were obtained with the dose of 20 t ha-1 of chicken manure, with the use of<br/>phosphorus. The highest yields of fresh and dried weight of roots (9.065 kg ha-1 and 377 kg ha-1,<br/>respectively) were obtained with the dose of 20 t ha-1 of chicken manure, without the use of<br/>phosphorus. Average contents of N, P and K of leaves were 8.60; 0.88 and 4.46 g kg-1, respectively.<br/>Contents of Ca and Mg were maximum (7.56 and 5.12 g kg-1, respectively) with the use of 20 t ha-1 of<br/>chicken manure, independent on the use of phosphorus. In roots, average contents of N, P and<br/>Mg were 2.74, 0.27 and 0.96 g kg-1, respectively. K content reduced linearly with chicken manure<br/>doses and of Ca was maximum with the use of 20 t ha-1. For obtaining the highest yields of fresh<br/>and dried weight of leaves and roots, the fáfia plants must be grown with chicken manure (20 t ha-1)<br/>incorporated to the soil within the use of phosphorus.<br/><br/>Key words: Brazilian ginseng, medicinal plant, organic residue |
| 650 ## - ASSUNTO - THESAGRO | |
| Cabeçalho tópico ou nome geográfico | PLANTA MEDICINAL |
| 650 ## - ASSUNTO - THESAGRO | |
| Cabeçalho tópico ou nome geográfico | RESÍDUO ORGÂNICO |
| 650 ## - ASSUNTO - THESAGRO | |
| Cabeçalho tópico ou nome geográfico | PFAFFIA GLOMERATA |
| 773 0# - ENTRADA ANALÍTICA | |
| Host Biblionumber | 3543 |
| Registro do item | 313993 |
| Imprenta | Botucatu-SP Instituto de Biociências - Departamento de Química e Bioquímica 1998 |
| Outro identificador | 2024-0261 |
| Título | Revista Brasileira de Plantas Medicinais (Brazil) |
| ISSN | 1516-0572 |
| Colação | v. 14(special number) p. 235-241; (2012) |
| Número de controle de registro | BR2024000410 |
| 856 ## - ACESSO E ENDEREÇO ELETRÔNICO | |
| Identificador uniforme de recurso - URI | https://www.scielo.br/j/rbpm/a/f9kbrFjnQ4CVmQjb7sXbkVz/?format=pdf&lang=pt |
Nenhum exemplar disponível.

BINAGRI